| 000 | 00514nam a22001937a 4500 | ||
|---|---|---|---|
| 003 | KOHA_MİRAKIL | ||
| 005 | 20251003153023.0 | ||
| 008 | 251003b tu ||||| |||| 00| 0 tur d | ||
| 020 | _a9786059624428 | ||
| 040 |
_aTR-AnABB _btur _cTR-AnABB |
||
| 041 | _atur | ||
| 082 |
_a813.42 _bYUK 2019 |
||
| 100 | 1 | _aYüksel, Ufuk, | |
| 245 | 1 | 0 |
_aStalker / _cUfuk S. Yüksel / |
| 260 |
_aİstanbul : _bAya Kitap, _c2019 |
||
| 300 |
_a160 sayfa ; _c20 cm |
||
| 650 | 0 | 4 | _aTürk edebiyatı, roman |
| 942 |
_2ddc _cBK |
||
| 999 |
_c9081 _d9081 |
||
| 900 | _bGizem YORULMAZ | ||